XI Roku 2013 Polskich Piłkarzy (wg Tygodnika "Piłka Nożna") - Statystyki

Ogólne statystyki
  • Ten quiz został rozwiązany 110 razy
  • Średni wynik to 8 z 11
Statystyki odpowiedzi
Pozycja Klub Zawodnik % Poprawnych
PO Dortmund Łukasz Piszczek
100%
BR Arsenal Wojciech Szczęsny
100%
PS Dortmund Jakub Błaszczykowski
99%
N Dortmund Robert Lewandowski
97%
ŚO Torino Kamil Glik
93%
ŚPD Reims Grzegorz Krychowiak
84%
ŚO/LO Legia/Krasnodar Artur Jędrzejczyk
80%
ŚPO Bordeaux Ludovic Obraniak
58%
LS Śląsk/Brugge Waldemar Sobota
54%
ŚPD Legia Tomasz Jodłowiec
40%
LO Legia Tomasz Brzyski
13%
Nie znaleziono quizów pasujących do podanych kryteriów
Rozkład punktacji
Procent ludzi z każdym wynikiem
Percentyl według liczby udzielonych odpowiedzi
Twoja historia wyników
Nie rozwiązałeś tego quizu